Ship construction for marine engineers / (Record no. 1647)

000 -LEADER
fixed length control field 00397nam a2200145 4500
008 - FIXED-LENGTH DATA ELEMENTS--GENERAL INFORMATION
fixed length control field 200128b ||||| |||| 00| 0 eng d
082 00 - DEWEY DECIMAL CLASSIFICATION NUMBER
Classification number 623.8
Item number S8749
100 ## - MAIN ENTRY--PERSONAL NAME
9 (RLIN) 693
Personal name Stokoe, E. A.
245 10 - TITLE STATEMENT
Title Ship construction for marine engineers /
250 ## - EDITION STATEMENT
Edition statement 2nd ed.
260 ## - PUBLICATION, DISTRIBUTION, ETC. (IMPRINT)
Place of publication, distribution, etc Sunderland
Name of publisher, distributor, etc Thomas Reed
Date of publication, distribution, etc 1968
300 ## - PHYSICAL DESCRIPTION
Extent 147 p.
650 #0 - SUBJECT ADDED ENTRY--TOPICAL TERM
Topical term or geographic name as entry element Naval Architecture
942 ## - ADDED ENTRY ELEMENTS (KOHA)
Source of classification or shelving scheme
Item type Books
Holdings
Withdrawn status Lost status Source of classification or shelving scheme Damaged status Not for loan Permanent location Current location Date acquired Full call number Barcode Date last seen Koha item type Source of acquisition Cost, replacement price Total Checkouts Date last borrowed
          IMU Kolkata IMU Kolkata 2020-01-28 623.8 S8749 04540 2020-01-28 Books        
          IMU Kolkata IMU Kolkata 2020-01-28 623.8 S8749 04541 2020-01-28 Books        
          IMU Kolkata IMU Kolkata 2020-01-28 623.8 S8749 04542 2020-01-28 Books        
          IMU Kolkata IMU Kolkata 2020-01-28 623.8 S8749 04543 2020-01-28 Books        
          IMU Kolkata IMU Kolkata 2002-09-10 623.8 S8749 09420 2020-02-11 Books Sterling Book House 1315.80    
          IMU Kolkata IMU Kolkata 2007-05-31 623.8 S8749 09898 2022-09-19 Books Shankars Book Agency 2147.50 1 2022-09-06
          IMU Kolkata IMU Kolkata 2007-05-31 623.8 S8749 09899 2020-02-14 Books Shankars Book Agency 2147.50    
          IMU Kolkata IMU Kolkata 2007-05-31 623.8 S8749 09900 2020-02-14 Books Shankars Book Agency 2147.50    
          IMU Kolkata IMU Kolkata 2007-05-31 623.8 S8749 09901 2020-02-14 Books Shankars Book Agency 2147.50    
          IMU Kolkata IMU Kolkata 2007-08-07 623.8 S8749 09897 2020-02-14 Books Shankars Book Agency 2147.50    
Designed and Maintained by IMU-KC Library, Kolkata Campus © Copyright All Rights Reserved

webs counters

Powered by Koha